| 000 | 00872nam a2200217 i 4500 | ||
|---|---|---|---|
| 001 | 181362 | ||
| 003 | ES-MaACL | ||
| 005 | 20250817205749.0 | ||
| 008 | 121214s1884 mx a |||| | spa d | ||
| 080 | _a027(725.2 M.) | ||
| 245 | 0 | 0 |
_aInauguracion de la Biblioteca Nacional de México : _babril 2 de 1884. |
| 260 |
_a[S.l.] : _b[s.n.], _c1884 ( _eMexico : _fImp. de Ireneo Paz) |
||
| 300 |
_aXX, 75 p., 24 p. de mús. : _bil. ; _c24 cm. |
||
| 500 | _aIncluye Himno sinfónico por Gustavo E. Campa. | ||
| 530 | _aDisponible también en sitio web. | ||
| 610 | 2 | 4 |
_aBiblioteca Nacional de México. _9151984 |
| 700 | 1 |
_aCampa, Gustavo Ernesto, _d1863-1934 _9151985 |
|
| 852 |
_aES-MaACL _jT-454-F-24 |
||
| 856 | 4 | 1 |
_uhttp://bibliotecadigitalhispanica.bne.es:80/webclient/DeliveryManager?pid=1883979&custom_att_2=simple_viewer _zIr a la página |
| 999 |
_c181362 _d181362 |
||